000 00568cam a22002053a 4500
001 43699
003 PGUSA
005 20140828084007.0
008 130912s2013||||xxu|||||s|||||000 | eng d
040 _aPGUSA
_beng
042 _adc
100 1 _aNorton, Carol,
_d1876-
245 1 4 _aThe Phantom Town Mystery
_h[electronic resource] /
_cCarol Norton
260 _bProject Gutenberg,
_c2013
506 _aPublic domain in the USA.
516 _aElectronic text
830 0 _aProject Gutenberg
_v43699
856 4 0 _uhttp://www.gutenberg.org/ebooks/43699
942 _cEB
999 _c272950
_d272950